Fate and transport of 17beta-estradiol in soil-water systems /
Kaydedildi:
| Diğer Yazarlar: | , , , |
|---|---|
| Materyal Türü: | Makale |
| Dil: | English |
| Konular: | |
| Etiketler: |
Etiketle
Etiket eklenmemiş, İlk siz ekleyin!
|
| Thư viện lưu trữ: | Thư viện Trường Đại học Đà Lạt |
|---|
| LEADER | 01070nam a2200373 4500 | ||
|---|---|---|---|
| 001 | DLU090093772 | ||
| 005 | ##20091201 | ||
| 040 | # | # | |a DLU |b eng |
| 041 | # | # | |a eng |
| 044 | # | # | |a us |
| 245 | # | # | |a Fate and transport of 17beta-estradiol in soil-water systems / |c Francis X. M. Casey ... [et al.]. |
| 653 | # | # | |a Cation exchange capacity |
| 653 | # | # | |a Endocrine disruptor |
| 653 | # | # | |a Estrogen |
| 653 | # | # | |a Farmyard manure |
| 653 | # | # | |a Metabolite |
| 653 | # | # | |a Mollisols |
| 653 | # | # | |a Soil pollution |
| 653 | # | # | |a Sorption |
| 653 | # | # | |a Xenobiotic |
| 700 | # | # | |a Casey, Francis X. M. |
| 700 | # | # | |a Hakk, Heldur. |
| 700 | # | # | |a Larsen, Gerald L. |
| 700 | # | # | |a Simunek, Jiri. |
| 773 | # | # | |t Environmental Science & Technology |g Vol. 37, no. 11 (June 2003), p. 2400-2409 |
| 920 | # | # | |a Phòng Tạp chí -- Trung tâm Thông tin - Thư viện Trường Đại học Đà Lạt |
| 994 | # | # | |a DLU |
| 900 | # | # | |a True |
| 911 | # | # | |a Trương Bảo Trâm Anh |
| 925 | # | # | |a G |
| 926 | # | # | |a A |
| 927 | # | # | |a BB |
| 980 | # | # | |a Thư viện Trường Đại học Đà Lạt |